01298nam a2200313 a 4500001001100000003000800011006001900019007001500038008004100053010001700094020002800111020003500139040002100174035002000195050002300215082001400238100002200252245011000274260005600384300003000440490005000470504006400520533015200584651002600736655002900762710001700791830005100808856012500859ebr5003498CaPaEBRm u cr cn|||||||||950614s1996 cauab sb 001 0 eng  z 95031423  z0520200632 (alk. paper) z0520200640 (pbk. : alk. paper) aCaPaEBRcCaPaEBR a(OCoLC)4985184114aDS358b.E38 1996eb04a958.12201 aEdwards, David B.10aHeroes of the ageh[electronic resource] :bmoral fault lines on the Afghan frontier /cDavid B. Edwards. aBerkeley :bUniversity of California Press,cc1996. axv, 307 p. :bill., maps.1 aComparative studies on Muslim societies ;v21 aInlcudes bibliographical references (p. 279-295) and index. aElectronic reproduction.bPalo Alto, Calif. :cebrary,d2013.nAvailable via World Wide Web.nAccess may be limited to ebrary affiliated libraries. 0aAfghanistanxHistory. 7aElectronic books.2local2 aebrary, Inc. 0aComparative studies on Muslim societies ;v21.40uhttp://site.ebrary.com/lib/rucke/Doc?id=5003498zAn electronic book accessible through the World Wide Web; click to view